Principios de aprendizaje en la terapia del comportamiento

Na minha lista:
Detalhes bibliográficos
Main Authors: Kanfer, Frederick H (Author), Phillips, Jeanne S (Author)
Formato: Livro
Idioma:espanhol
Publicado em: Ciudad de México Trillas 1977
Assuntos:
Tags: Adicionar Tag
Sem tags, seja o primeiro a adicionar uma tag!

MARC

LEADER 00000nam a2200000 a 4500
001 UCY6159
003 CL-VaPUC
008 950521e19770000MX |||||||||||||||||spa|d
082 0 4 |a 158  |b KAN  |2 21 
100 0 |a Kanfer, Frederick H  |e author  |9 335921 
700 0 |a Phillips, Jeanne S  |e author  |9 335922 
245 1 0 |a Principios de aprendizaje en la terapia del comportamiento 
300 |a 703 p 
942 |c BK 
945 |d 19950521 00:00:00  |a cmena 
260 |a Ciudad de México  |b Trillas  |c 1977 
650 0 |a Psicología   |9 257863 
650 0 |a Psicología clínica  |9 307259 
650 0 |a Comportamiento   |9 308406 
650 0 |a Aprendizaje   |9 254827 
650 0 |a Ética  |9 255099 
650 0 |a Psicoanálisis   |9 265702 
650 0 |a Terapia  |9 334442 
583 |a last modification  |c 19950521 00:00:00  |k Rodrigo Vera 
999 |c 233739  |d 233737 
952 |0 0  |1 0  |4 0  |6 158_000000000000000_KAN_1977  |7 0  |8 P  |9 239451  |a BIBEDU  |b BIBEDU  |c BIBEDU_PB  |d 2019-11-18  |i 1507060  |o 158 KAN 1977  |p 1507060  |r 2024-01-25  |w 2019-11-18  |y BK  |k EDU 
952 |0 0  |1 0  |4 0  |6 158_000000000000000_KAN_1977  |7 0  |8 P  |9 239452  |a BIBEDU  |b BIBEDU  |c BIBEDU_PB  |d 2019-11-18  |i 3288021  |o 158 KAN 1977  |p 3288021  |r 2024-01-25  |w 2019-11-18  |y BK  |k EDU